10 geography questions letter-A - Statistics

General Stats
  • This quiz has been taken 55 times
  • The average score is 8 of 10
Answer Stats
Questions Answer % Correct
Longest border with Chile. Argentina
98%
largest city in Greece. Athens
96%
Capital of Turkey. Ankara
89%
Largest city in New Zealand. Auckland
89%
Baku is the capital city. Azerbaijan
87%
State that the Grand Canyon is found. Arizona
85%
Sea between Italy and Croatia. Adriatic sea
81%
Largest country in Africa (by area). Algeria
77%
Largest desert. Antarctica
57%
Largest rock. Ayers rock
32%
No matching quizzes found
Score Distribution
Percent of People with Each Score
Percentile by Number Answered
Your Score History
You have not taken this quiz